书目信息 |
| 题名: |
水工建筑物的运行与维护
|
|
| 作者: | 赵朝云 主编 | |
| 分册: | ||
| 出版信息: | 北京 中国水利水电出版社 2005.05 |
|
| 页数: | 455页 | |
| 开本: | 26cm | |
| 丛书名: | 21世纪农村电气化小水电实用技术丛书 | |
| 单 册: | ||
| 中图分类: | TV698 | |
| 科图分类: | ||
| 主题词: | 水工建筑物--shui gong jian zhu wu--运行 , 水工建筑物--shui gong jian zhu wu--维修 | |
| 电子资源: | ||
| ISBN: | 7-5084-2640-1 | |
| 000 | 01087nam 2200265 450 | |
| 001 | 012008275109 | |
| 005 | 20080320173740.70 | |
| 010 | @a7-5084-2640-1@dCNY56.00 | |
| 100 | @a20080320d2005 km y0chiy0120 ea | |
| 101 | 0 | @achi |
| 102 | @aCN@b110000 | |
| 105 | @aa z 000yy | |
| 106 | @ar | |
| 200 | 1 | @a水工建筑物的运行与维护@Ashui gong jian zhu wu de yun xing yu wei hu@f赵朝云主编@Fzhao chao yun zhu bian |
| 210 | @a北京@c中国水利水电出版社@d2005.05 | |
| 215 | @a455页@c图@d26cm | |
| 225 | 2 | @a21世纪农村电气化小水电实用技术丛书@A21 shi ji nong cun dian qi hua xiao shui dian shi yong ji shu cong shu |
| 330 | @a本书内容包括:绪论,水工建筑物,土坝的变形监测,砌石坝、混凝土坝的变形监测,渗流监测,应力、应变观测,环境因子监测,检查观察,监测资料的整编与分析,土坝的养护与维修等。 | |
| 410 | 0 | @12001 @a21世纪农村电气化小水电实用技术丛书 |
| 606 | 0 | @a水工建筑物@Ashui gong jian zhu wu@x运行 |
| 606 | 0 | @a水工建筑物@Ashui gong jian zhu wu@x维修 |
| 690 | @aTV698@v4 | |
| 701 | 0 | @a赵朝云@Azhao chao yun@4主编 |
| 801 | 0 | @aCN@bQSSK@c20080320 |
| 905 | @b20288954-56@dTV698@eZ298@f3 | |
| 水工建筑物的运行与维护/赵朝云主编.-北京:中国水利水电出版社,2005.05 |
| 455页:图;26cm.-(21世纪农村电气化小水电实用技术丛书) |
| ISBN 7-5084-2640-1:CNY56.00 |
| 本书内容包括:绪论,水工建筑物,土坝的变形监测,砌石坝、混凝土坝的变形监测,渗流监测,应力、应变观测,环境因子监测,检查观察,监测资料的整编与分析,土坝的养护与维修等。 |
| ● |
| 相关链接 |
|
|
|
正题名:水工建筑物的运行与维护
索取号:TV698/Z298
 
预约/预借
| 序号 | 登录号 | 条形码 | 馆藏地/架位号 | 状态 | 备注 |
| 1 | 288954 | 202889543 | 自科库501/501自科库 48排4列4层/ [索取号:TV698/Z298] | 在馆 | |
| 2 | 288955 | 202889552 | 期刊室512/501自科库 48排4列4层/ [索取号:TV698/Z298] | 在馆 | |
| 3 | 288956 | 202889561 | 自科库501/501自科库 48排4列4层/ [索取号:TV698/Z298] | 在馆 |